THE CASE THAT SHOOK INDIA (Record no. 4878)
[ view plain ]
| 000 -LEADER | |
|---|---|
| fixed length control field | 00416cam a2200169ua 4500 |
| 008 - FIXED-LENGTH DATA ELEMENTS--GENERAL INFORMATION | |
| fixed length control field | 181004n1978 II |||gr||||Z||||||eng |
| 040 ## - CATALOGING SOURCE | |
| Original cataloging agency | MAIN |
| 041 ## - LANGUAGE CODE | |
| -- | English |
| 041 ## - LANGUAGE CODE | |
| -- | eng |
| 082 ## - DEWEY DECIMAL CLASSIFICATION NUMBER | |
| Classification number | 320.54 BHU |
| 100 ## - MAIN ENTRY--PERSONAL NAME | |
| Personal name | BHUSON , PRASANT., |
| Relator term | AUTHOR. |
| 245 ## - TITLE STATEMENT | |
| Title | THE CASE THAT SHOOK INDIA |
| 260 ## - PUBLICATION, DISTRIBUTION, ETC. | |
| Place of publication, distribution, etc. | NEW DELHI |
| Name of publisher, distributor, etc. | VIKASH PUBLISHING HOUSE |
| Date of publication, distribution, etc. | 1978 |
| 942 ## - ADDED ENTRY ELEMENTS (KOHA) | |
| Koha item type | Books |
| 653 ## - INDEX TERM--UNCONTROLLED | |
| Uncontrolled term | INDIAN GOVT AND POLITICS |
| Withdrawn status | Lost status | Source of classification or shelving scheme | Damaged status | Not for loan | Collection code | Home library | Current library | Shelving location | Date acquired | Full call number | Barcode | Date last seen | Copy number | Price effective from | Koha item type | Public note |
|---|---|---|---|---|---|---|---|---|---|---|---|---|---|---|---|---|
| Dewey Decimal Classification | REFENG | Central Library and Information Centre Sibsagar Girls College | Central Library and Information Centre Sibsagar Girls College | ENGLISH BOOK RACK | 15.05.1975 | 320.54 BHU | 04624 | 27.02.2020 | 1 | 27.02.2020 | Books | V |